000 00386nam a22001337a 4500
020 _a9789690012326
040 _cNUST
082 _a297.63 SID
100 _a Siddiqui, Muhammad Abdul Majeed
_988520
245 _aSeerat-Un-Nabi Bad Az Wisal-Un-Nabi (Vol-2)
260 _aLAHORE:
_bFerozsons,
_c1995.
650 _a Islam-Biography-Muhammad Peace be upon him
_959181
942 _2ddc
_cBK
999 _c587657
_d587657